000 00361nam a2200157Ia 4500
005 20250430012535.0
008 240331s9999 xx 000 0 und d
020 _a9552004942
082 _bPER
_a891
100 _aPerera,Y.M
245 0 _aNayata gath saajjaya
260 _aColombo
_bS. Godake & Brothers
300 _a67 p .,
650 _aPoems
942 _cL
999 _c4864
_d4864